| 000 -LEADER |
| fixed length control field |
00327nam a2200145Ia 4500 |
| 008 - FIXED-LENGTH DATA ELEMENTS--GENERAL INFORMATION |
| fixed length control field |
200103s9999||||xx |||||||||||||| ||und|| |
| 020 ## - INTERNATIONAL STANDARD BOOK NUMBER |
| International Standard Book Number |
0333937406, |
| 082 ## - DEWEY DECIMAL CLASSIFICATION NUMBER |
| Classification number |
Column-65 |
| 100 ## - MAIN ENTRY--PERSONAL NAME |
| Personal name |
Khera, Shiv |
| 245 #0 - TITLE STATEMENT |
| Title |
You can win |
| 260 ## - PUBLICATION, DISTRIBUTION, ETC. (IMPRINT) |
| Name of publisher, distributor, etc |
Macmillan, London |
| Date of publication, distribution, etc |
2004 |
| 300 ## - PHYSICAL DESCRIPTION |
| Extent |
xiii, 290 |
| 942 ## - ADDED ENTRY ELEMENTS (KOHA) |
| Item type |
Books |